000 00611nam a22002057a 4500
999 _c61756
_d61756
005 20240429114632.0
008 240429s2007 enk||||| |||| 00| 0 eng d
020 _a9780723434290x
041 _aeng
080 _a616.833 H-88
100 _aHughes, Mark
_921974
245 _aNervous System /
_cMark Hughes, Thomas Miller.
250 _a 3rd edition
264 _aEdinburgh :
_bMosby,
_c2007.
300 _a338 p. :
_bill.;
_c26 cm.
653 _aნერვული სისტემა
653 _aმედიცინა
700 _aMiller, Thomas
_eავტორი
_921975
942 _2udc
_cBK